Kvantifikácia karbidických fáz v kryogénne spracovanej Cr - V ledeburitickej oceli
Uložené v:
| Hlavný autor: | |
|---|---|
| Ďalší autori: | |
| Médium: | Rukopis Kniha |
| Jazyk: | Slovak |
| Vydavateľské údaje: |
2018
|
| Predmet: | |
| On-line prístup: | http://is.stuba.sk/zp/portal_zp.pl?podrobnosti=138447 |
| Tagy: |
Žiadne tagy, Buďte prvý, kto otaguje tento záznam!
|
MARC
| LEADER | 00000ntm a22000003a 4500 | ||
|---|---|---|---|
| 001 | stuzp68742 | ||
| 003 | SK-STU | ||
| 005 | 20180820160624.6 | ||
| 007 | ta | ||
| 008 | 150427s2015----xo-----f-mn---000-0-slo-d | ||
| 040 | |a STU |b slo | ||
| 041 | 0 | |a slo | |
| 100 | 1 | |a Hliva, Rastislav |u 061000 |4 aut |U MTF Materiálovotechnologická fakulta |T MTF Ústav materiálov |X 71431 |U M1000 |Y 81 |7 71431 | |
| 242 | 0 | 1 | |a Quantification of carbide phases in Sub-Zero treated of Cr-V ledeburitic steel |y eng |
| 245 | 1 | 0 | |a Kvantifikácia karbidických fáz v kryogénne spracovanej Cr - V ledeburitickej oceli |
| 260 | |c 2018 | ||
| 650 | 4 | |a kryogénne spracovanie |2 slo | |
| 650 | 4 | |a karbid |2 slo | |
| 650 | 4 | |a ledeburitická oceľ |2 slo | |
| 650 | 4 | |a kvantitatívna analýza |2 slo | |
| 650 | 4 | |a tvrdosť (HV 10) |2 slo | |
| 650 | 4 | |a quantitative analysis |2 eng | |
| 650 | 4 | |a carbide |2 eng | |
| 650 | 4 | |a ledeburitic steel |2 eng | |
| 650 | 4 | |a subzero treatment |2 eng | |
| 650 | 4 | |a hardness (HV 10) |2 eng | |
| 700 | 1 | |a Hudáková, Mária |u 061000 |k Z1 |4 ths |U MTF Materiálovotechnologická fakulta |T MTF Ústav materiálov |X 2754 |U M1000 |Y 81 |7 A000002754 | |
| 856 | 4 | |u http://is.stuba.sk/zp/portal_zp.pl?podrobnosti=138447 | |
| 996 | |c M* DP-13648 |l MMSKP |s P |a 0 |w stuzp68742_0001 | ||